000 00303nam a2200121Ia 4500
008 220204s9999 xx 000 0 und d
082 _bDAS
100 _aDas, Madhusudan
245 0 _aAccountancy: Its principles and practice
260 _aCalcutta
_bWorld Press
_c1978
700 _aGhosh
942 _cBK
999 _c28883
_d28883